00152nam a2200061Ia 4500008004100000100001900041245003000060120527s9999 xx 000 0 und d aDavis, H. Mark aSocioal phychology 99100